00773nam a2200253 i 4500001000400000100003800004245007100042260003700113300002900150490002500179650002800204650001300232650001000245650001400255651002000269655001000289700002500299830002500324020001500349040000800364041000800372008004100380856009800421bgj1 aSHAKESPEARE, Williamd(1564-1616)10aRomeo and Juliet /cWilliam Shakespeare ; edited by John Ingledew. aHarlow, Essex :bLongman,c1991. a227 pp :bill. ;c19 cm.1 aNew Swan Shakespeare 9aConflict of generations 9aVendetta 9aYouth 9aTragedies 9aVerona (|Italy) aDrama1 aINGLEDEW, John.eed. aNew Swan Shakespeare a0582527295 cBPK0 aeng s uk f |000 0 eng  uhttp://koha.tu.koszalin.pl/cgi-bin/koha/opac-detail.pl?biblionumber=48826yKatalog online BPK